[Event "DVM U12 2003"]
[Site "Verden/Aller GER"]
[Date "2003.12.27"]
[Round "1"]
[White "Schmidt, Lukas"]
[Black "Osmanodja, Bilgin"]
[Result "0-1"]
[Termination "normal"]
[Board "7.3"]
[WhiteElo "901"]
[BlackElo "1347"]
[WhiteTeam "ZSG GW Waltershausen"]
[BlackTeam "USV TU Dresden"]
[PlyCount "82"]
[EventCountry "GER"]
[EventRounds "7"]
[EventType "team-swiss"]
[EventDate "2003.12.26"]

1. e4 c5 2. Nf3 e6 3. d4 cxd4 4. Nxd4 a6 5. Nc3 Qc7 6. g3 b5 7. Bg2 Bb7 8. O-O
Nf6 9. Qe2 Bb4 10. Bd2 Nc6 11. Nxc6 Bxc6 12. e5 Bxg2 13. Kxg2 Bxc3 14. Bxc3 Nd5
15. Qe4 O-O 16. Bd2 f6 17. exf6 Nxf6 18. Qd4 Qxc2 19. Rac1 Qf5 20. Bc3 Rac8 21.
b3 Qe4+ 22. Kg1 Qf5 23. Bb2 Rfe8 24. Rxc8 Rxc8 25. Re1 Rc5 26. g4 Qxg4+ 27.
Qxg4 Nxg4 28. Re4 Nf6 29. Re3 Rc2 30. Bxf6 gxf6 31. a4 bxa4 32. bxa4 Rc4 33.
Rd3 d5 34. Re3 e5 35. Rf3 Kf7 36. a5 Ra4 37. Kf1 Rxa5 38. Ke2 d4 39. Kd3 Ra3+
40. Ke2 Rxf3 41. Kxf3 a5 0-1

[Event "DVM U12 2003"]
[Site "Verden/Aller GER"]
[Date "2003.12.27"]
[Round "1"]
[White "Osmanodja, Filiz"]
[Black "Steinacker, Alex"]
[Result "1-0"]
[Termination "normal"]
[Board "7.4"]
[WhiteElo "1353"]
[BlackElo "935"]
[WhiteTeam "USV TU Dresden"]
[BlackTeam "ZSG GW Waltershausen"]
[PlyCount "67"]
[WhiteFideId "24633569"]
[BlackFideId "24647195"]
[EventCountry "GER"]
[EventRounds "7"]
[EventType "team-swiss"]
[EventDate "2003.12.26"]

1. e4 e5 2. Nf3 Nc6 3. Bb5 Bc5 4. c3 d6 5. d4 exd4 6. cxd4 Bb4+ 7. Nc3 Nf6 8.
O-O O-O 9. Re1 Bg4 10. Bxc6 bxc6 11. h3 Bh5 12. Qd3 Qd7 13. Bf4 Rfe8 14. Rac1
Re7 15. a3 Bxc3 16. Rxc3 Rae8 17. Nd2 Bg6 18. f3 d5 19. Be5 dxe4 20. fxe4 Rd8
21. Re3 Qe8 22. Qe2 Red7 23. Qa6 Re7 24. Nf3 Nxe4 25. Rxc6 Rc8 26. Qc4 Qd7 27.
Rxg6 hxg6 28. Rxe4 Kf8 29. Rf4 f6 30. Nh4 Qe6 31. Nxg6+ Ke8 32. d5 Qb6+ 33. Bd4
Re1+ 34. Kf2 1-0

[Event "DVM U12 2003"]
[Site "Verden/Aller GER"]
[Date "2003.12.27"]
[Round "1"]
[White "Schätz, Christopher"]
[Black "Kordts, Florian"]
[Result "1-0"]
[Termination "normal"]
[Board "8.1"]
[WhiteElo "1438"]
[BlackElo "1400"]
[WhiteTeam "USG Chemnitz"]
[BlackTeam "SC Postbauer-Heng"]
[PlyCount "125"]
[WhiteFideId "24623997"]
[BlackFideId "24626856"]
[EventCountry "GER"]
[EventRounds "7"]
[EventType "team-swiss"]
[EventDate "2003.12.26"]

1. c4 c5 2. e3 e5 3. Nc3 Nc6 4. Nf3 g6 5. d4 exd4 6. exd4 cxd4 7. Nxd4 Bg7 8.
Be3 Nge7 9. Be2 O-O 10. O-O d5 11. cxd5 Nxd5 12. Nxd5 Qxd5 13. Bf3 Qd7 14. Nxc6
bxc6 15. Qxd7 Bxd7 16. Rfd1 Rad8 17. Bxa7 Be6 18. Bc5 Rfe8 19. Bxc6 Rxd1+ 20.
Rxd1 Rc8 21. b4 Bxa2 22. b5 Bf8 23. Be3 Bb3 24. Rd2 Be6 25. g3 Bb4 26. Rd1 Ba5
27. Ra1 Bc7 28. Ra8 Rxa8 29. Bxa8 Bc8 30. Ba7 Bd6 31. Bg2 Kf8 32. b6 Ke7 33. b7
Bxb7 34. Bxb7 Kd7 35. Bd5 Ke7 36. Bd4 h5 37. f4 f6 38. Kg2 g5 39. fxg5 fxg5 40.
Bf3 h4 41. gxh4 gxh4 42. Bf2 Bxh2 43. Kxh2 Ke6 44. Bxh4 Ke5 45. Bg3+ Kd4 46.
Bf4 Kd3 47. Kg2 Kd4 48. Kf2 Kd3 49. Be3 Kc4 50. Ke2 Kc3 51. Bb7 Kc4 52. Kd2 Kb4
53. Ba6 Ka5 54. Bd3 Kb4 55. Bb6 Kb3 56. Ba5 Ka4 57. Bc3 Kb3 58. Bb5 Ka3 59. Kc2
Ka2 60. Bb4 Ka1 61. Bd7 Ka2 62. Be6+ Ka1 63. Bc3# 1-0

[Event "DVM U12 2003"]
[Site "Verden/Aller GER"]
[Date "2003.12.27"]
[Round "1"]
[White "Riexinger, Martin"]
[Black "Leschner, Marius"]
[Result "0-1"]
[Termination "normal"]
[Board "8.2"]
[WhiteElo "1289"]
[BlackElo "1234"]
[WhiteTeam "SC Postbauer-Heng"]
[BlackTeam "USG Chemnitz"]
[PlyCount "72"]
[WhiteFideId "24674320"]
[BlackFideId "4613813"]
[EventCountry "GER"]
[EventRounds "7"]
[EventType "team-swiss"]
[EventDate "2003.12.26"]

1. Nf3 e6 2. g3 d5 3. Bg2 Nf6 4. O-O Be7 5. d3 O-O 6. Nc3 c5 7. e4 Nc6 8. Bf4
d4 9. Ne2 Nd7 10. Qc1 e5 11. Bg5 f6 12. Bd2 Nb6 13. Rd1 f5 14. Ng5 h6 15. Nh3
fxe4 16. dxe4 Nc4 17. b3 Nd6 18. f3 Bxh3 19. Bxh3 Rxf3 20. Be6+ Kh8 21. Bd5 Kh7
22. Qa3 c4 23. Qa4 c3 24. Bc1 b5 25. Qa6 Nb8 26. Qxd6 Qxd6 27. Bxa8 b4 28. a3
a5 29. axb4 axb4 30. Kg2 Qf6 31. Nf4 exf4 32. e5 Rxg3+ 33. hxg3 Qxe5 34. Bxf4
Qe2+ 35. Kh3 g5 36. Bxb8 g4# 0-1

[Event "DVM U12 2003"]
[Site "Verden/Aller GER"]
[Date "2003.12.27"]
[Round "1"]
[White "Allert, Maximilian"]
[Black "Grimm, Pascal"]
[Result "0-1"]
[Termination "normal"]
[Board "8.3"]
[WhiteElo "1315"]
[BlackElo "1315"]
[WhiteTeam "USG Chemnitz"]
[BlackTeam "SC Postbauer-Heng"]
[PlyCount "142"]
[BlackFideId "24620122"]
[EventCountry "GER"]
[EventRounds "7"]
[EventType "team-swiss"]
[EventDate "2003.12.26"]

1. e4 c5 2. Nf3 Nc6 3. Nc3 g6 4. g3 Bg7 5. Bg2 d6 6. d3 Nf6 7. Be3 Rb8 8. Qd2
Ng4 9. O-O Nxe3 10. Qxe3 b5 11. Rab1 Bd7 12. Qd2 O-O 13. a3 Qc8 14. Rfe1 a6 15.
Ne2 Bh3 16. Bh1 Bg4 17. c3 Bxf3 18. Bxf3 Ne5 19. Bg2 c4 20. d4 Nc6 21. d5 Na5
22. f4 Nb3 23. Qd1 Rd8 24. Kh1 Qc7 25. Nd4 Nxd4 26. cxd4 Qb6 27. e5 Kf8 28. Qd2
f6 29. Rbd1 Kf7 30. Qe3 Re8 31. b3 Rbc8 32. b4 Qc7 33. Qc3 Kf8 34. Bh3 Rcd8 35.
Re2 Bh8 36. Rde1 dxe5 37. fxe5 Rxd5 38. exf6 Bxf6 39. Re4 Qa7 40. Qf3 Rxd4 41.
Rxe7 Qxe7 42. Rxe7 Kxe7 43. Qb7+ Kf8 44. Bf1 Rd1 45. Kg2 Ree1 46. Qc8+ Kg7 47.
Qc7+ Kh6 48. Qf4+ Kg7 49. Qc7+ Re7 50. Qc6 c3 51. a4 Red7 52. axb5 axb5 53.
Bxb5 c2 54. Qxc2 R1d2+ 55. Qxd2 Rxd2+ 56. Kh3 Rb2 57. Bd7 Rxb4 58. Kg2 Kf7 59.
h4 Ke7 60. Bc8 Kd6 61. Kh3 h5 62. Bb7 Rb3 63. Be4 Be5 64. Bxg6 Rxg3+ 65. Kh2
Rxg6+ 66. Kh1 Bd4 67. Kh2 Ke5 68. Kh3 Kf4 69. Kh2 Kf3 70. Kh3 Rg4 71. Kh2 Rxh4#
0-1

[Event "DVM U12 2003"]
[Site "Verden/Aller GER"]
[Date "2003.12.27"]
[Round "1"]
[White "Biller, Nikklas"]
[Black "Gadschisade, Machmud"]
[Result "1-0"]
[Termination "normal"]
[Board "9.1"]
[WhiteElo "1248"]
[BlackElo "1496"]
[WhiteTeam "Wilhelmshavener SF"]
[BlackTeam "SG Porz"]
[PlyCount "87"]
[BlackFideId "4647734"]
[EventCountry "GER"]
[EventRounds "7"]
[EventType "team-swiss"]
[EventDate "2003.12.26"]

1. d4 Nf6 2. Nf3 g6 3. Bf4 Bg7 4. e3 d6 5. c4 O-O 6. Nc3 Nbd7 7. Qb3 Re8 8. Be2
e5 9. Bg3 exd4 10. exd4 Ne4 11. Nxe4 Rxe4 12. Qd3 f5 13. O-O Qe7 14. Bd1 c5 15.
dxc5 dxc5 16. Rb1 Bf6 17. Bc2 Kg7 18. Rfe1 Rxe1+ 19. Rxe1 Qf7 20. b3 b6 21. Qd5
Qxd5 22. cxd5 Bb7 23. d6 Bxf3 24. gxf3 Kf7 25. Re2 Re8 26. Rxe8 Kxe8 27. Bd3
Be5 28. Bb5 f4 29. Bh4 Bxd6 30. Bg5 Be5 31. Kf1 Bd6 32. Ke2 Be5 33. Kd3 Bd4 34.
Ke4 Bxf2 35. Kd5 Bd4 36. Ke6 Kf8 37. Bxd7 a6 38. Bxf4 b5 39. Bc8 c4 40. bxc4
bxc4 41. Bxa6 c3 42. Bd3 Kg7 43. Be5+ Bxe5 44. Kxe5 1-0

[Event "DVM U12 2003"]
[Site "Verden/Aller GER"]
[Date "2003.12.27"]
[Round "1"]
[White "Gossmann, Philipp"]
[Black "Kallusky, Nicolas"]
[Result "1-0"]
[Termination "normal"]
[Board "9.2"]
[WhiteElo "1323"]
[BlackElo "837"]
[WhiteTeam "SG Porz"]
[BlackTeam "Wilhelmshavener SF"]
[PlyCount "65"]
[EventCountry "GER"]
[EventRounds "7"]
[EventType "team-swiss"]
[EventDate "2003.12.26"]

1. e4 d5 2. exd5 Qxd5 3. Nc3 Qa5 4. Nf3 Nf6 5. d4 Bg4 6. h3 Bh5 7. g4 Bg6 8.
Bg2 Nc6 9. Bd2 e6 10. Ne4 Qd5 11. Nxf6+ gxf6 12. c3 e5 13. Qe2 Qe6 14. O-O exd4
15. Qxe6+ fxe6 16. Nxd4 Nxd4 17. cxd4 O-O-O 18. Bc3 Bg7 19. Rfe1 Rhe8 20. a4 e5
21. dxe5 fxe5 22. f4 Re7 23. fxe5 Rde8 24. a5 a6 25. Rac1 Bxe5 26. Bxe5 Rxe5
27. Rxe5 Rxe5 28. b4 Be4 29. Rc4 Bxg2 30. Kxg2 Kd7 31. Kf3 Kd6 32. Kf4 Kd5 33.
Rc5+ 1-0

[Event "DVM U12 2003"]
[Site "Verden/Aller GER"]
[Date "2003.12.27"]
[Round "1"]
[White "Fuchs, Raimond"]
[Black "Thewes, Johannes"]
[Result "1-0"]
[Termination "normal"]
[Board "10.1"]
[WhiteElo "1282"]
[BlackElo "943"]
[WhiteTeam "USV Potsdam"]
[BlackTeam "SC Reti Heusweiler"]
[PlyCount "49"]
[BlackFideId "4624823"]
[EventCountry "GER"]
[EventRounds "7"]
[EventType "team-swiss"]
[EventDate "2003.12.26"]

1. e4 e6 2. d4 d5 3. Nd2 c5 4. exd5 exd5 5. dxc5 Bxc5 6. Nb3 Bb6 7. c4 dxc4 8.
Qxd8+ Bxd8 9. Bxc4 Nf6 10. Be3 O-O 11. Nf3 Bg4 12. Nfd4 Nbd7 13. O-O Bb6 14. f3
Bh5 15. Nc2 Bg6 16. Bxb6 Nxb6 17. Na3 Rac8 18. Be2 Rfe8 19. Bb5 Red8 20. Rfd1
h6 21. Rac1 Rxd1+ 22. Rxd1 Bc2 23. Nxc2 Rxc2 24. Rd8+ Kh7 25. Bd3+ 1-0

[Event "DVM U12 2003"]
[Site "Verden/Aller GER"]
[Date "2003.12.27"]
[Round "1"]
[White "Zimmer, Dominic"]
[Black "Friedrich, Wiede"]
[Result "0-1"]
[Termination "normal"]
[Board "10.2"]
[WhiteElo "759"]
[BlackElo "1462"]
[WhiteTeam "SC Reti Heusweiler"]
[BlackTeam "USV Potsdam"]
[PlyCount "78"]
[BlackFideId "24629537"]
[EventCountry "GER"]
[EventRounds "7"]
[EventType "team-swiss"]
[EventDate "2003.12.26"]

1. e4 c6 2. Bc4 d5 3. exd5 cxd5 4. Bb5+ Nc6 5. Nc3 Nf6 6. Nf3 a6 7. Bxc6+ bxc6
8. O-O Bf5 9. d3 Qc7 10. Qe2 e6 11. Be3 c5 12. Na4 d4 13. Bg5 h6 14. Bxf6 gxf6
15. Rfe1 Bd6 16. c3 Bg4 17. g3 Qc6 18. Kg2 Qxa4 19. b3 Qc6 20. cxd4 cxd4 21. h3
Qxf3+ 22. Qxf3 Bxf3+ 23. Kxf3 Ke7 24. Rac1 Rac8 25. h4 Rc3 26. Ke4 Rhc8 27.
Rxc3 dxc3 28. Kd4 c2 29. Rc1 Ba3 30. Rxc2 Rxc2 31. f4 Rxa2 32. g4 Kd6 33. g5 f5
34. gxh6 Rc2 35. Ke3 e5 36. h7 Rc8 37. d4 e4 38. h5 Rc2 39. h8=Q Bc1# 0-1

[Event "DVM U12 2003"]
[Site "Verden/Aller GER"]
[Date "2003.12.27"]
[Round "1"]
[White "Peter, Tizian"]
[Black "Sonnhalter, Stella"]
[Result "1-0"]
[Termination "normal"]
[Board "10.3"]
[WhiteElo "1209"]
[BlackElo "288"]
[WhiteTeam "USV Potsdam"]
[BlackTeam "SC Reti Heusweiler"]
[PlyCount "81"]
[BlackFideId "4624815"]
[EventCountry "GER"]
[EventRounds "7"]
[EventType "team-swiss"]
[EventDate "2003.12.26"]

1. e4 d5 2. Nc3 dxe4 3. Nxe4 Qd5 4. d3 Bf5 5. c4 Qd7 6. Be2 Bxe4 7. dxe4 Qxd1+
8. Bxd1 e5 9. Ba4+ Nc6 10. Nf3 O-O-O 11. O-O Bd6 12. Be3 Kb8 13. Rad1 Nf6 14.
a3 Ne7 15. Ng5 Rhf8 16. c5 Bxc5 17. Rxd8+ Rxd8 18. Bxc5 Nc6 19. Nxf7 Rd7 20.
Bxc6 bxc6 21. Nxe5 Rd2 22. Nxc6+ Kb7 23. Na5+ Kb8 24. b4 Nxe4 25. Re1 Nd6 26.
Bxd6 cxd6 27. h3 Rc2 28. Re8+ Rc8 29. Rxc8+ Kxc8 30. Kf1 Kc7 31. Ke2 Kb6 32.
Kd3 Kc7 33. a4 d5 34. f4 Kd6 35. g4 Ke6 36. Kd4 Kd6 37. h4 g6 38. Nb7+ Kc6 39.
Nc5 Kd6 40. b5 h6 41. a5 1-0

[Event "DVM U12 2003"]
[Site "Verden/Aller GER"]
[Date "2003.12.27"]
[Round "2"]
[White "Seyb, Alexander"]
[Black "Rafiee, Makan"]
[Result "1-0"]
[Termination "normal"]
[Board "1.1"]
[WhiteElo "1841"]
[BlackElo "1647"]
[WhiteTeam "FSV Großenseebach"]
[BlackTeam "SK Baunatal"]
[PlyCount "57"]
[WhiteFideId "4699033"]
[BlackFideId "24609340"]
[EventCountry "GER"]
[EventRounds "7"]
[EventType "team-swiss"]
[EventDate "2003.12.26"]

1. e4 c5 2. Nf3 d6 3. d4 cxd4 4. Nxd4 Nf6 5. Nc3 a6 6. Bg5 e6 7. f4 Be7 8. Qf3
Qc7 9. O-O-O b5 10. e5 Bb7 11. Qg3 b4 12. exf6 gxf6 13. Bh6 bxc3 14. Qg7 cxb2+
15. Kb1 Rf8 16. Qxh7 Nd7 17. Bxf8 Bxf8 18. f5 Rc8 19. fxe6 fxe6 20. Nxe6 Qc3
21. Be2 Rc5 22. Nxc5 Nxc5 23. Bh5+ Kd8 24. Rhe1 Be4 25. Rxe4 Nxe4 26. Qxe4 Be7
27. Qa8+ Kd7 28. Qe8+ Ke6 29. Bf7+ 1-0

[Event "DVM U12 2003"]
[Site "Verden/Aller GER"]
[Date "2003.12.27"]
[Round "2"]
[White "Sergin, Mark"]
[Black "Kirch, Florian"]
[Result "1/2-1/2"]
[Termination "normal"]
[Board "1.2"]
[WhiteElo "1485"]
[BlackElo "1604"]
[WhiteTeam "SK Baunatal"]
[BlackTeam "FSV Großenseebach"]
[PlyCount "40"]
[WhiteFideId "24615307"]
[BlackFideId "24605794"]
[EventCountry "GER"]
[EventRounds "7"]
[EventType "team-swiss"]
[EventDate "2003.12.26"]

1. e4 g6 2. d4 Bg7 3. Nf3 d6 4. Nc3 Nc6 5. Bc4 h6 6. h3 e5 7. dxe5 Nxe5 8. Nxe5
Bxe5 9. Qf3 Qe7 10. Bf4 Bxc3+ 11. bxc3 Be6 12. Bd3 Nf6 13. O-O Nd7 14. Rfd1 Ne5
15. Qe2 g5 16. Bxe5 dxe5 17. Bc4 O-O 18. Bxe6 Qxe6 19. Qb5 b6 20. Qb3 Qc6
1/2-1/2

[Event "DVM U12 2003"]
[Site "Verden/Aller GER"]
[Date "2003.12.27"]
[Round "2"]
[White "Linsenmeyer, Mario"]
[Black "Sharikow, Alexej"]
[Result "1-0"]
[Termination "normal"]
[Board "1.3"]
[WhiteElo "1489"]
[BlackElo "1247"]
[WhiteTeam "FSV Großenseebach"]
[BlackTeam "SK Baunatal"]
[PlyCount "59"]
[WhiteFideId "24635138"]
[EventCountry "GER"]
[EventRounds "7"]
[EventType "team-swiss"]
[EventDate "2003.12.26"]

1. e4 e5 2. Nf3 Nf6 3. Nxe5 Qe7 4. Nc4 Qxe4+ 5. Ne3 Bc5 6. Nc3 Qe7 7. Be2 O-O
8. O-O Nc6 9. d3 Re8 10. Re1 b6 11. Bd2 Bb7 12. Ned5 Nxd5 13. Nxd5 Qd6 14. Ne3
Bd4 15. c3 Be5 16. Nc4 Qg6 17. Bf3 Bf6 18. Be4 Rxe4 19. dxe4 Ne5 20. Nxe5 Bxe5
21. Qe2 h6 22. Rad1 Qe6 23. b3 d5 24. exd5 Qxd5 25. Qg4 Qd6 26. Bf4 Bxf4 27.
Rxd6 Bxd6 28. Qd7 Kh7 29. Qxf7 Bc5 30. Re8 1-0

[Event "DVM U12 2003"]
[Site "Verden/Aller GER"]
[Date "2003.12.27"]
[Round "2"]
[White "Stochai, Christian"]
[Black "Quaschner, Tobias"]
[Result "0-1"]
[Termination "normal"]
[Board "1.4"]
[WhiteElo "1120"]
[BlackElo "1218"]
[WhiteTeam "SK Baunatal"]
[BlackTeam "FSV Großenseebach"]
[PlyCount "46"]
[BlackFideId "24646989"]
[EventCountry "GER"]
[EventRounds "7"]
[EventType "team-swiss"]
[EventDate "2003.12.26"]

1. e4 c5 2. d4 cxd4 3. c3 dxc3 4. Nxc3 e6 5. Nf3 Nc6 6. Bf4 Bb4 7. Qd3 Nf6 8.
Bg5 Qa5 9. Bxf6 gxf6 10. Rc1 Qxa2 11. Qb1 Qxb1 12. Rxb1 b6 13. Bb5 a6 14. Bxc6
dxc6 15. O-O Bb7 16. Na4 b5 17. Nc3 c5 18. Na2 Bxe4 19. Nxb4 Bxb1 20. Nxa6
Rxa6
21. Rxb1 Ke7 22. b4 cxb4 23. Rxb4 Ra1+ 0-1

[Event "DVM U12 2003"]
[Site "Verden/Aller GER"]
[Date "2003.12.27"]
[Round "2"]
[White "Gadschisade, Machmud"]
[Black "Heistermann, Till"]
[Result "1/2-1/2"]
[Termination "normal"]
[Board "2.1"]
[WhiteElo "1496"]
[BlackElo "1573"]
[WhiteTeam "SG Porz"]
[BlackTeam "SC Leipzig-Gohlis"]
[PlyCount "58"]
[WhiteFideId "4647734"]
[EventCountry "GER"]
[EventRounds "7"]
[EventType "team-swiss"]
[EventDate "2003.12.26"]

1. e4 c5 2. Ne2 Nc6 3. g3 g6 4. Bg2 Bg7 5. O-O e6 6. c3 Nge7 7. d4 cxd4 8. cxd4
d6 9. Nbc3 O-O 10. d5 exd5 11. Nxd5 Be6 12. Nec3 a6 13. Rb1 Rc8 14. Bf4 Ne5 15.
Nxe7+ Qxe7 16. Nd5 Bxd5 17. Qxd5 Rc5 18. Qd2 Rfc8 19. Rfc1 Qe6 20. b3 Bf6 21.
Rxc5 dxc5 22. Qd5 Qc6 23. Bxe5 Qxd5 24. exd5 Bxe5 25. d6 Bxd6 26. Bxb7 Rc7 27.
Bxa6 Ra7 28. Bc4 Rxa2 29. Rd1 Be7 1/2-1/2

[Event "DVM U12 2003"]
[Site "Verden/Aller GER"]
[Date "2003.12.27"]
[Round "2"]
[White "Doberitz, Paul"]
[Black "Gossmann, Philipp"]
[Result "0-1"]
[Termination "normal"]
[Board "2.2"]
[WhiteElo "1560"]
[BlackElo "1323"]
[WhiteTeam "SC Leipzig-Gohlis"]
[BlackTeam "SG Porz"]
[PlyCount "58"]
[WhiteFideId "24646130"]
[EventCountry "GER"]
[EventRounds "7"]
[EventType "team-swiss"]
[EventDate "2003.12.26"]

1. e4 e5 2. Nf3 Nc6 3. d4 exd4 4. Bc4 Nf6 5. O-O Nxe4 6. Re1 d5 7. Bxd5 Qxd5 8.
Nc3 Qa5 9. Nxe4 Be6 10. a3 Be7 11. Bf4 O-O-O 12. h3 h6 13. Qe2 g5 14. Bd2 Qf5
15. b4 Ne5 16. Nxe5 Qxe5 17. Qd3 Qg7 18. Nc5 Bxc5 19. bxc5 g4 20. h4 Bd7 21. g3
Qg6 22. Qb3 Bc6 23. Bf4 Rhe8 24. a4 d3 25. c4 d2 26. Red1 Qe4 27. f3 gxf3 28.
Kh2 Qe2+ 29. Kh3 Bd7+ 0-1

[Event "DVM U12 2003"]
[Site "Verden/Aller GER"]
[Date "2003.12.27"]
[Round "2"]
[White "Hasenclever, Leonard"]
[Black "Akhundow, Sattar"]
[Result "0-1"]
[Termination "normal"]
[Board "2.4"]
[WhiteElo "1222"]
[BlackElo "1148"]
[WhiteTeam "SC Leipzig-Gohlis"]
[BlackTeam "SG Porz"]
[PlyCount "40"]
[EventCountry "GER"]
[EventRounds "7"]
[EventType "team-swiss"]
[EventDate "2003.12.26"]

1. e4 e5 2. Nf3 Nc6 3. d4 exd4 4. Bc4 Nf6 5. O-O Nxe4 6. Re1 d5 7. Bxd5 Qxd5 8.
Nc3 Qa5 9. Rxe4+ Be6 10. Nxd4 Nxd4 11. Rxd4 Bc5 12. Re4 O-O 13. a3 Qb6 14. Be3
Bxe3 15. Rxe3 Qxb2 16. Rb1 Qxa3 17. Rxb7 Qd6 18. Qh5 a5 19. Ne4 Qd4 20. Rxc7
Qa1+ 0-1

[Event "DVM U12 2003"]
[Site "Verden/Aller GER"]
[Date "2003.12.27"]
[Round "2"]
[White "Zelbel, Patrick"]
[Black "Wendling, Hannes"]
[Result "1/2-1/2"]
[Termination "normal"]
[Board "3.1"]
[WhiteElo "1602"]
[BlackElo "1646"]
[WhiteTeam "SF Brackel 30"]
[BlackTeam "Naumburger SV"]
[PlyCount "93"]
[WhiteFideId "24624322"]
[BlackFideId "24624284"]
[EventCountry "GER"]
[EventRounds "7"]
[EventType "team-swiss"]
[EventDate "2003.12.26"]

1. e4 c5 2. c3 d5 3. exd5 Qxd5 4. d4 Nf6 5. Nf3 Bg4 6. Be2 e6 7. O-O Be7 8. Be3
cxd4 9. Qxd4 Nc6 10. Qa4 O-O 11. h3 Bh5 12. Rd1 Qa5 13. Qxa5 Nxa5 14. Bf4 Nc6
15. Nbd2 Rfd8 16. Nb3 e5 17. Bg5 Kf8 18. g4 Bg6 19. Rxd8+ Rxd8 20. Rd1 Rxd1+
21. Bxd1 Bd3 22. Bxf6 gxf6 23. Nc1 Be4 24. Kf1 f5 25. Nd2 Bg5 26. Nxe4 Bxc1 27.
gxf5 Bxb2 28. Ke1 Ne7 29. Bg4 b6 30. Kd2 Nd5 31. Kc2 Ba3 32. Nd2 Bc5 33. Ne4
Be7 34. Kd2 f6 35. Kc2 Nf4 36. Ng3 Bc5 37. Ne4 Ke7 38. Nxc5 bxc5 39. h4 c4 40.
Kd2 Kd6 41. Bd1 Kc5 42. Bc2 Ng2 43. h5 h6 44. Bd1 Nf4 45. a3 Nd3 46. Ke3 Kb5
47. Bc2 1/2-1/2

[Event "DVM U12 2003"]
[Site "Verden/Aller GER"]
[Date "2003.12.27"]
[Round "2"]
[White "Pfefferkorn, Adrian"]
[Black "Zeldin, Leonid"]
[Result "0-1"]
[Termination "normal"]
[Board "3.2"]
[WhiteElo "1330"]
[BlackElo "1584"]
[WhiteTeam "Naumburger SV"]
[BlackTeam "SF Brackel 30"]
[PlyCount "110"]
[BlackFideId "24636088"]
[EventCountry "GER"]
[EventRounds "7"]
[EventType "team-swiss"]
[EventDate "2003.12.26"]

1. e4 c5 2. Nf3 d6 3. d4 cxd4 4. Nxd4 Nf6 5. Nc3 g6 6. Be3 Bg7 7. Be2 O-O 8.
Qd2 Nc6 9. Nb3 Bd7 10. Bh6 Rc8 11. Bxg7 Kxg7 12. O-O-O Kg8 13. f3 Na5 14. Kb1
Nxb3 15. cxb3 a6 16. Rc1 b5 17. g4 b4 18. Nd5 Nxd5 19. exd5 Qb6 20. Bc4 a5 21.
h4 a4 22. bxa4 Bxa4 23. b3 Bd7 24. h5 f6 25. hxg6 hxg6 26. Rh8+ Kf7 27. Rxf8+
Rxf8 28. Rh1 Ke8 29. Re1 Kd8 30. Qe3 Qxe3 31. Rxe3 Rh8 32. Bd3 Rh3 33. Bxg6
Bxg4 34. Bf7 Rxf3 35. Rxf3 Bxf3 36. Be6 Kc7 37. Kb2 Kb6 38. a3 Kc5 39. Ka2 bxa3
40. Kxa3 Bxd5 41. Bxd5 Kxd5 42. b4 Kc6 43. Ka4 f5 44. Ka5 Kb7 45. b5 f4 46. Kb4
f3 47. Kc4 f2 48. Kd5 f1=Q 49. Ke6 Qxb5 50. Kxe7 Qe5+ 51. Kd7 Kb6 52. Kd8 Qg7
53. Ke8 d5 54. Kd8 Kc6 55. Ke8 Kd6 0-1

[Event "DVM U12 2003"]
[Site "Verden/Aller GER"]
[Date "2003.12.27"]
[Round "2"]
[White "Weiß, Malte"]
[Black "Mertens, Pauline"]
[Result "0-1"]
[Termination "normal"]
[Board "3.3"]
[WhiteElo "1148"]
[BlackElo "1245"]
[WhiteTeam "SF Brackel 30"]
[BlackTeam "Naumburger SV"]
[PlyCount "84"]
[WhiteFideId "4616723"]
[BlackFideId "24671959"]
[EventCountry "GER"]
[EventRounds "7"]
[EventType "team-swiss"]
[EventDate "2003.12.26"]

1. e4 c5 2. c4 Nc6 3. Nc3 d6 4. Nge2 Nf6 5. g3 e5 6. Bg2 g6 7. O-O Bg7 8. f4
exf4 9. Nxf4 O-O 10. Nfd5 Nxd5 11. Nxd5 Be6 12. d3 Bxd5 13. cxd5 Ne5 14. Rb1
Qd7 15. Be3 Ng4 16. Qe2 Nxe3 17. Kh1 Nxf1 18. Qxf1 Rae8 19. Qf3 Qe7 20. b4 cxb4
21. Rxb4 f5 22. Qd1 fxe4 23. Rxe4 Qf6 24. Rf4 Qa1 25. Rxf8+ Rxf8 26. Qxa1 Bxa1
27. h4 Rf2 28. Kg1 Rxa2 29. Be4 Bd4+ 30. Kh1 b5 31. h5 Kg7 32. h6+ Kxh6 33. g4
b4 34. g5+ Kxg5 35. Bxg6 b3 36. Bh5 b2 37. Bd1 Ra1 38. Kh2 Rxd1 39. Kg3 b1=Q
40. Kg2 Qc2+ 41. Kf3 Qf2+ 42. Ke4 Re1# 0-1

[Event "DVM U12 2003"]
[Site "Verden/Aller GER"]
[Date "2003.12.27"]
[Round "2"]
[White "Wendling, Florian"]
[Black "Blokisch, Till"]
[Result "0-1"]
[Termination "normal"]
[Board "3.4"]
[WhiteElo "1229"]
[BlackElo "1259"]
[WhiteTeam "Naumburger SV"]
[BlackTeam "SF Brackel 30"]
[PlyCount "56"]
[WhiteFideId "24640212"]
[BlackFideId "16209931"]
[EventCountry "GER"]
[EventRounds "7"]
[EventType "team-swiss"]
[EventDate "2003.12.26"]

1. e4 e5 2. Nc3 Nc6 3. g3 Nf6 4. Bg2 Bc5 5. Nge2 d6 6. h3 O-O 7. O-O Be6 8. Nd5
Bxd5 9. exd5 Ne7 10. Nc3 c6 11. dxc6 bxc6 12. d3 d5 13. Kh2 Ng6 14. f4 exf4 15.
Bxf4 Nxf4 16. Rxf4 Qb8 17. Rb1 Bd6 18. Rf3 Nh5 19. Ne2 Re8 20. Qf1 Qc7 21. Qf2
Re7 22. Rf1 Rae8 23. Re1 h6 24. c3 Nxg3 25. Rxg3 Bxg3+ 26. Qxg3 Qxg3+ 27. Kxg3
Rxe2 28. Rxe2 Rxe2 0-1

[Event "DVM U12 2003"]
[Site "Verden/Aller GER"]
[Date "2003.12.27"]
[Round "2"]
[White "Boos, Philipp"]
[Black "Fuchs, Raimond"]
[Result "0-1"]
[Termination "normal"]
[Board "4.1"]
[WhiteElo "1245"]
[BlackElo "1282"]
[WhiteTeam "USV TU Dresden"]
[BlackTeam "USV Potsdam"]
[PlyCount "74"]
[EventCountry "GER"]
[EventRounds "7"]
[EventType "team-swiss"]
[EventDate "2003.12.26"]

1. d4 Nf6 2. c4 c5 3. d5 e6 4. dxe6 fxe6 5. Nc3 Be7 6. Bf4 a6 7. e3 d5 8. Nf3
Nc6 9. Be2 O-O 10. Bd3 Nb4 11. O-O b6 12. a3 Nxd3 13. Qxd3 Bb7 14. Rad1 Bd6 15.
Bxd6 Qxd6 16. e4 Ng4 17. e5 Nxe5 18. Nxe5 Qxe5 19. cxd5 exd5 20. Nxd5 Rad8 21.
Qb3 Bxd5 22. Qxb6 Qd6 23. Qxd6 Rxd6 24. Rfe1 Rfd8 25. Re5 Bc4 26. Rxd6 Rxd6 27.
h3 Rd5 28. Re8+ Kf7 29. Rc8 Bb5 30. Rc7+ Kf6 31. Kh2 c4 32. a4 Bxa4 33. Rxc4
Bb5 34. Rc2 Ke5 35. Kg3 Ke4 36. f3+ Kd3 37. Rf2 Re5 0-1